000 00458nam a2200181Ia 4500
003 LK-CoDNM
008 010623t2007 xxu||||| |||| 00| 1 sin d
040 _aLK-CoDNM
_dLK-CoDNM
_eLK-CoDNM
041 _asin
080 _a294.3MAL
100 _aMallaha,Ramyawatee
245 _aනිවන් දකින සිත
246 _aNiwan Dakina Sitha
260 _bUdaya Printers
_aGanemulla
_c2007
300 _b cm
650 _aBuddhism
942 _cBK
999 _c126784
_d126784